000 00851nam a2200193Ia 4500
003 GCL
008 140319s9999 xx 000 0 ara d
020 _a3283314977
040 _aGCL /
_cGCL
082 0 4 _a228.9
_bص د
100 1 _aصبرى المتولى
245 1 0 _aدراسات فى علم الاصوات :
_bالاصول النظرية والدراسات التطبيقية لعلم التجويد القرانى - اول دراسات علمية لقواعد التجويد القرانى فى ضوء الحقائق الحديثة لعلم الاصوات /
_cصبرى المتولى
250 _aالاولى
260 _aالقاهرة :
_bمكتبة زهراء الشرق ،
_c2006
300 _a221 ص ؛
_c24 سم
650 0 4 _aالقران - تجويد
650 0 4 _aالاصوات اللغوية العربية
942 _2ddc
_cBK
999 _c8227
_d8227